CERLALC : (Registro nro. 6802)
[ vista simple ]
| 000 -LEADER | |
|---|---|
| fixed length control field | 01625cam a2200301 a 4500 |
| 003 - CONTROL NUMBER IDENTIFIER | |
| control field | OSt |
| 005 - DATE AND TIME OF LATEST TRANSACTION | |
| control field | 20200828125627.0 |
| 008 - FIXED-LENGTH DATA ELEMENTS--GENERAL INFORMATION | |
| fixed length control field | 120816s2011 ck abo gr 000 0 spa d |
| 020 ## - INTERNATIONAL STANDARD BOOK NUMBER | |
| International Standard Book Number | 9789586711449 |
| 040 ## - CATALOGING SOURCE | |
| Original cataloging agency | CO-BoBLA |
| Language of cataloging | spa |
| Transcribing agency | CO-JMCR |
| Modifying agency | CO-BoPUJ |
| 041 0# - LANGUAGE CODE | |
| Language code of text/sound track or separate title | spa |
| 082 04 - DEWEY DECIMAL CLASSIFICATION NUMBER | |
| Classification number | 028.9 / |
| Item number | C397c |
| Edition number | 23 |
| 110 2# - MAIN ENTRY--CORPORATE NAME | |
| Corporate name or jurisdiction name as entry element | Centro Regional para el Fomento del Libro en América Latina y el Caribe |
| 9 (RLIN) | 9457 |
| 245 10 - TITLE STATEMENT | |
| Title | CERLALC : |
| Remainder of title | una historia de libros e integración / |
| Statement of responsibility, etc. | Centro Regional para el Fomento del Libro en América Latina y el Caribe ; coordinación editorial Juan Pablo Mojica Gómez y Lina María Aristizábal Durán |
| 250 ## - EDITION STATEMENT | |
| Edition statement | Primera edición |
| 260 ## - PUBLICATION, DISTRIBUTION, ETC. | |
| Place of publication, distribution, etc. | Bogotá : |
| Name of publisher, distributor, etc. | CERLALC : |
| -- | Unesco, |
| Date of publication, distribution, etc. | 2011. |
| 300 ## - PHYSICAL DESCRIPTION | |
| Extent | 143 páginas : |
| Other physical details | ilustraciones, fotos (algunas a color) y 1 mapa ; |
| Dimensions | 30 cm. |
| 505 0# - FORMATTED CONTENTS NOTE | |
| Formatted contents note | Saciar el hambre de los libros -- América Latina apuesta por el libro -- Consolidar la cadena de valor -- Libros, integración y globalización -- El siglo de los lectores -- Papel bytes: los mismos libros |
| 610 24 - SUBJECT ADDED ENTRY--CORPORATE NAME | |
| Corporate name or jurisdiction name as entry element | Centro Regional para el Fomento del Libro en América Latina y el Caribe |
| General subdivision | Historia |
| 9 (RLIN) | 9458 |
| 650 14 - SUBJECT ADDED ENTRY--TOPICAL TERM | |
| Topical term or geographic name entry element | Promoción de la lectura |
| General subdivision | Historia |
| Geographic subdivision | América Latina |
| 9 (RLIN) | 9459 |
| 650 24 - SUBJECT ADDED ENTRY--TOPICAL TERM | |
| Topical term or geographic name entry element | Promoción de la lectura |
| General subdivision | Historia |
| Geographic subdivision | Región Caribe |
| 9 (RLIN) | 9460 |
| 650 24 - SUBJECT ADDED ENTRY--TOPICAL TERM | |
| Topical term or geographic name entry element | Libros y lectura |
| General subdivision | Historia |
| Geographic subdivision | América Latina |
| 9 (RLIN) | 9461 |
| 650 24 - SUBJECT ADDED ENTRY--TOPICAL TERM | |
| Topical term or geographic name entry element | Libros y lectura |
| General subdivision | Historia |
| Geographic subdivision | Región Caribe |
| 9 (RLIN) | 9462 |
| 700 1# - ADDED ENTRY--PERSONAL NAME | |
| Personal name | Mojica Gómez, Juan Pablo |
| Relator term | editor |
| 9 (RLIN) | 9463 |
| 700 1# - ADDED ENTRY--PERSONAL NAME | |
| Personal name | Aristizábal Durán, Lina María |
| Relator term | editora |
| 9 (RLIN) | 9464 |
| 942 ## - ADDED ENTRY ELEMENTS (KOHA) | |
| Source of classification or shelving scheme | Dewey Decimal Classification |
| Koha item type | Books |
| Withdrawn status | Lost status | Source of classification or shelving scheme | Damaged status | Not for loan | Home library | Current library | Shelving location | Date acquired | Coded location qualifier | Total Checkouts | Full call number | Barcode | Date last seen | Copy number | Price effective from | Koha item type |
|---|---|---|---|---|---|---|---|---|---|---|---|---|---|---|---|---|
| Dewey Decimal Classification | Biblioteca Pública José María del Castillo y Rada | Biblioteca Pública José María del Castillo y Rada | General Stacks | 04/15/2018 | $0. | 028.9 / C397c | 201809993 | 05/16/2024 | Ej.1 | 04/15/2018 | Books |